|
|
|
|
| LEADER |
00000cam a2200000 7i4500 |
| 001 |
0000005841 |
| 005 |
20021106.0 |
| 020 |
|
|
|a 0136831451
|
| 040 |
|
|
|a INS
|
| 090 |
0 |
0 |
|a H97.
|b W45 1992
|
| 100 |
1 |
|
|a Weimer, David L.
|
| 245 |
1 |
0 |
|a Policy analysis :
|b concepts and practice
|c david L. Weimer, Aidan R. Vining
|
| 260 |
|
|
|a Englewood cliffs N.J. :
|b Prentice Hall ,
|c 1992
|
| 300 |
|
|
|a 424 p.
|
| 650 |
0 |
0 |
|a Policy science
|
| 700 |
1 |
2 |
|a Vining, Aidan R
|
| 999 |
|
|
|a 0000007349
|b BOOK
|c Open Shelf
|e Default branch
|
| 999 |
|
|
|a 0000018760
|b BOOK
|c Open Shelf
|e Default branch
|
| 999 |
|
|
|a 0000018761
|b BOOK
|c Open Shelf
|e Default branch
|
| 999 |
|
|
|a 0000018762
|b BOOK
|c Open Shelf
|e Default branch
|
| 999 |
|
|
|a 0000018763
|b BOOK
|c Open Shelf
|e Default branch
|